000
00194 a2200097 4500
020
_a
9788420743066
041
_a
spa
100
_a
Lairla, Sergio
245
_a
Un problema monstruoso
942
_c
BK
999
_c
31917
_d
31915